000 00872nam a2200253Ia 4500
003 OSt
005 20221005112246.0
006 a|||||r|||| 00| 0
007 ta
008 221004b |||||||| |||| 00| 0 pan d
020 _a8189284207 (hbk)
_c300
024 _a106219
037 _b505, 02/02/2011, H.K. Prakashan
_cTextual
040 _aCRL
_cCRL
_bpan
041 _2pan
_apan
082 _aO153:gN, P6
100 _aਦੀਵਾਨ ਸਿੰਘ
245 0 _aਆਧੁਨਿਕ ਪੰਜਾਬੀ ਸਾਹਿਤ
_b ਆਲੋਚਨਾ
260 _aਅੰਮ੍ਰਿਤਸਰ
_bਰੂਹੀ ਪ੍ਰਕਾਨ ਭਾਰਤ
_c2006
300 _a112ਪੰ
_ccm.
650 _aਪੰਜਾਬੀ ਸਾਹਿਤ
942 _hO153:gN, P6
_cTEXL
_2cc
999 _c1024348
_d1024348